000 00539cam a2200217 4500
001 M83418
008 090401t1996 xxu||||| |||| 00| 0 eng d
035 _a(Sirsi) u77796
041 _aeng
050 _a690.241
110 _aRoyal Institution of Chartered Surveyors
_94900
245 _aRICS awards 1996.
260 _aLondon
_bRICS
_c1996
300 _a20p. : ill. ; 30cm.
350 _a0
650 _aBUILDING CONSERVATION
650 _aABOUT RICS-RICS AWARDS
690 _aCONSERVATION
942 _n0
948 _c18/04/1997
999 _c96357
_d96357